000
00309nam a22001337a 4500
008
181207b xxu||||| |||| 00| 0 eng d
020
_a
9780766019430
041
_a
eng
080
_a
610
100
_a
4
101
_a
SHM
245
_a
Organ And Tissues Transplants medical
_c
Marilyn,M
942
_2
udc
_c
BK
999
_c
53091
_d
53091